Ksywy gintkiego - Statistics

General Stats
  • This quiz has been taken 8 times
  • The average score is 15 of 62
Answer Stats
liczba Answer % Correct
43 Gintki
100%
13 Wunski
83%
8 Miami Vice
67%
5 Szaszłyk
67%
9 Czokapik
50%
12 Czopek
50%
56 Cińki
33%
45 Cząstki
33%
3 Człapik
33%
51 Czosnek
33%
38 Gibki
33%
18 Golum
33%
20 Kudłaty
33%
1 Muchołapek
33%
7 Szuriken
33%
6 Tommy Vercetti
33%
31 Abstynent
17%
42 Atleta
17%
57 Bernard
17%
44 Cesarz
17%
62 Cińkiłinki
17%
40 Człaczłyk
17%
33 Człowiek Guma
17%
2 Człowiek tysiąca ksyw
17%
49 Debil
17%
58 Dżipsi
17%
35 Glonojad
17%
55 Guski
17%
47 Gynsty
17%
15 Iron Man
17%
54 Kajak
17%
29 Koszykarz
17%
48 Kotlet
17%
4 Młody Janek
17%
17 Muchoczłapek
17%
41 Musztandor
17%
39 Nesquick
17%
34 Nietoperz
17%
50 Pijak
17%
61 Pół człowiek pół litra
17%
16 Popielniczka
17%
36 Prezydent
17%
28 SkyTower
17%
14 Ślunski
17%
10 Spławik
17%
27 Street Fighter
17%
25 Szaszlik
17%
21 Szczudeł
17%
23 Szczudłaty
17%
22 Szłopek
17%
26 Szłopkowski
17%
37 SzuriShrek
17%
52 Taksówkarz
17%
60 Wąski ECPU
17%
59 Wąski Hunter
17%
46 Wklynsły
17%
19 Włatca móch
17%
11 Złodziej kobiecych serc i 15 złotych
17%
53 Złotówa
17%
32 Człopek
0%
24 Czopkowski
0%
30 Sportowiec
0%
No matching quizzes found
Score Distribution
Percent of People with Each Score
Percentile by Number Answered
Your Score History
You have not taken this quiz